Random Hoofdsteden #5 - Statistieken

Algemene statistieken
  • Deze quiz is 11 keer genomen
  • De gemiddelde score is 8 van 10
Antwoordstatistieken
Antwoord % Correct
Nederland Amsterdam
100%
Monaco Monaco
100%
Israel Jeruzalem
89%
Zuid Korea Seoul
89%
Tunesie Tunis
89%
Letland Riga
78%
Congo Kinshasa
67%
Haiti Port Au Prince
56%
Nieuw-Zeeland Wellington
56%
Oezbekistan Tasjkent
33%
Geen overeenkomende quizzen gevonden
Scoreverdeling
Procent van Mensen met Elke Score
Percentiel versus Aantal Correcte Antwoorden
Uw Scoregeschiedenis
U heeft deze quiz nog niet genomen